000 00805cam a2200217 4500
001 WB3603-19
008 000000n2000 000 0 eng u
035 _a(Sirsi) u103703
245 _aIntel to site 'server farm' in UK
260 _c2000
490 _aFinancial Times
_v20 January 2000, 2(1)
520 _aIntel, the world's largest semiconductor manufacturer, has chosen a site near Reading for its first European 'server farm', which will offer electronic commerce computer capacity to customers. The government say that this will confirm Britain as the leading European e-business location.
590 _aWB
650 0 _aINTEL
650 0 _aEBUSINESS
650 _aE-COMMERCE
650 _aINTERNET
650 0 _aSERVER FARM
690 _aINFORMATION TECHNOLOGY-INTERNET
942 _n0
999 _c62277
_d62277